LEADER 03746nam 22005773 450 001 996582071703316 005 20221212120933.0 010 $a9783839463420$b(electronic bk.) 010 $z9783837663426 024 7 $a10.1515/9783839463420 035 $a(MiAaPQ)EBC7153678 035 $a(Au-PeEL)EBL7153678 035 $a(CKB)25616968400041 035 $a(DE-B1597)645308 035 $a(DE-B1597)9783839463420 035 $a(OCoLC)1355219226 035 $a(EXLCZ)9925616968400041 100 $a20221212d2022 uy 0 101 0 $ager 135 $aurcnu|||||||| 181 $ctxt$2rdacontent 182 $cc$2rdamedia 183 $acr$2rdacarrier 200 14$aDie Anatomie des Kollektivs $eZu Klaus P. Hansens Kollektivtheorie 205 $a1st ed. 210 1$aBielefeld :$ctranscript,$d2022. 210 4$d©2022. 215 $a1 online resource (301 pages) 225 1 $aKultur und Kollektiv 311 08$aPrint version: Marschelke, Jan-Christoph Die Anatomie des Kollektivs Bielefeld : transcript,c2022 9783837663426 327 $aCover -- Inhalt -- Grußwort für die Festschrift »Die Anatomie des Kollektivs« -- Editorial: Leidenschaft für Kollektive -- Teil 1: Einführendes und Grundbegriffe -- Der Kollektivansatz -- Die Anatomie des Kollektivs -- Teil 2: Schlüsselbegriff Multikollektivität -Mehrfachzugehörigkeit und ihre Implikationen -- »Die feinen Relationen«: Multikollektivität oder Multirelationalität? -- Multikollektivität im Sozialen Raum Bourdieus -- Multikollektivität oder runder Charakter? -- Teil 3: Dachkollektive und pankollektive Formationen - Kollektivität diesseits und jenseits des Nationalstaats -- Heimatloser Weltbürger oder glücklicher Hinterwäldler? -- Kaleidoskop der Kollektive -- Was ist Gesellschaft? -- Das Sprecherkollektiv Global English -- Teil 4: Das Kollektivparadigma im Dialog: Philosophische Fundierung, implizite Didaktik und ein archäologischer Hinweis auf die soziologische Rollentheorie -- Kollektivität und Interpersonalität -- Kollektivwissenschaftliche Didaktik? -- Kollektiv und Rolle aus archäologischer Perspektive -- Teil 5: Jenseits der Kollektivität?Kosmopolitismus und radikale Individualität -- Kollektivität und Konvivialität aus der Perspektive des kritischen Kosmopolitismus' -- Jenseits des Kollektivs -- Autorinnen und Autoren. 330 $aAls Konsequenz aus der Kritik an ethnisierenden Kulturbegriffen baut Klaus P. Hansen seit Ende der 2000er-Jahre seine Kultur- zur Kollektivtheorie um. Statt kulturelle Standardisierungen mehr oder weniger unreflektiert Ethnien oder Nationen zuzuschreiben, stellt er explizit die Frage nach den Kulturträgern selbst: Kollektive jeder Form, Größe und Struktur. Im Zentrum dieses Denkens stehen intra- und transkollektive Gemeinsamkeiten, Mehrfachzugehörigkeiten und die unauflösbare Spannung zwischen Homogenisierungs- und Heterogenisierungsprozessen. Die Beiträger*innen dieser Festschrift für Klaus P. Hansen kommentieren den Kollektivansatz aus verschiedensten disziplinären Perspektiven und denken ihn konstruktiv weiter. 410 0$aKultur und Kollektiv 606 $aSOCIAL SCIENCE / Popular Culture$2bisacsh 610 $aCollectivism. 610 $aCultural History. 610 $aCultural Studies. 610 $aCulture. 610 $aHeterogenization. 610 $aHomogenization. 610 $aSocial Theory. 610 $aSociological Theory. 615 7$aSOCIAL SCIENCE / Popular Culture. 676 $a306.071 700 $aMarschelke$b Jan-Christoph$01725356 801 0$bMiAaPQ 801 1$bMiAaPQ 801 2$bMiAaPQ 912 $a996582071703316 996 $aDie Anatomie des Kollektivs$94128301 997 $aUNISA